Normal view
MARC view
- Hunt J & Loftus C
Entry Personal Name
001 - CONTROL NUMBER
- control field: 188460
003 - CONTROL NUMBER IDENTIFIER
- control field: OSt
005 - DATE AND TIME OF LATEST TRANSACTION
- control field: 20230714211149.0
008 - FIXED-LENGTH DATA ELEMENTS
- fixed length control field: 230714|| aca||aabn | a|a d
040 ## - CATALOGING SOURCE
- Original cataloging agency: OSt
- Transcribing agency: OSt
100 ## - HEADING--PERSONAL NAME
- Personal name: Hunt J & Loftus C
670 ## - SOURCE DATA FOUND
- Source citation: Work cat.: (OSt)183422: Hunt J 144922, Guide To J2EE Enterprise Java, 2003